| Tag |
First Indicator |
Second Indicator |
Subfields |
| LEADER |
00000cam a22000001 4500 |
| 001 |
in00000307238 |
| 005 |
20151010143659.0 |
| 008 |
710514s1968 enkaef b 00010 eng |
| 010 |
|
|
|a 68124826
|
| 015 |
|
|
|a B68-16882
|
| 035 |
|
|
|a (OCoLC)00465114
|
| 035 |
|
|
|9 ABH5659AM
|
| 037 |
|
|
|c 35/-
|
| 040 |
|
|
|a DLC
|c DLC
|d TXA
|d UtOrBLW
|
| 049 |
|
|
|a TXAM
|c [482607]
|
| 050 |
0 |
0 |
|a QC786
|b .R6
|
| 082 |
0 |
|
|a 539.7/3
|
| 100 |
1 |
|
|a Rosenblatt, J.
|
| 245 |
1 |
0 |
|a Particle acceleration /
|c [by] J. Rosenblatt.
|
| 264 |
|
1 |
|a London :
|b Methuen,
|c 1968.
|
| 300 |
|
|
|a viii, 183 pages :
|b 4 plates, illustrations, plans. ;
|c 19 cm.
|
| 336 |
|
|
|a text
|b txt
|2 rdacontent
|
| 337 |
|
|
|a unmediated
|b n
|2 rdamedia
|
| 338 |
|
|
|a volume
|b nc
|2 rdacarrier
|
| 490 |
1 |
|
|a Methuen's monographs on physical subjects
|
| 500 |
|
|
|a "Distributed in the U.S.A. by Barnes and Noble, Inc."
|
| 504 |
|
|
|a Bibliography: pages 179-180.
|
| 650 |
|
0 |
|a Particle accelerators.
|
| 830 |
|
0 |
|a Methuen's monographs on physical subjects.
|
| 999 |
|
|
|a MARS
|
| 999 |
f |
f |
|s e65a46e4-fe7a-358f-b6cf-d40f8b928abe
|i 4bd97cd5-1682-37cc-bb5d-99b0f90bc7fc
|t 0
|
| 952 |
f |
f |
|p normal
|a Texas A&M University
|b College Station
|c Sterling C. Evans Library
|d Evans: Library Stacks
|t 0
|e QC786 .R6
|h Library of Congress classification
|i unmediated -- volume
|m A14804649544
|
| 998 |
f |
f |
|a QC786 .R6
|t 0
|l Evans: Library Stacks
|